000 00409nmm a2200145Ia 4500
008 251105s9999||||xx |||||||||||||||||und||
041 _aspa
100 _aPhillips, Susan E.
245 0 _aUna chica brillante :
_b Golfistas 3
264 _a[Madrid, España] :
_bEdiciones B,
_c2014
300 _a464 páginas
650 _aRomance
856 _uhttps://public.digitaliapublishing.com/a/52817
942 _cCF
999 _c104901
_d104901